000 00396nam a2200157Ia 4500
005 20250305001827.0
008 240331s9999 xx 000 0 und d
020 _a9559004074
082 _bMAR
_a891
100 _aMarquez,G.G
245 0 _aKorala kale ale
260 _aColombo
_bDhayawancha Jayakody & Company
_c1997
300 _a524 p .,
500 _aLove in the time of Cholera
942 _cL
999 _c4803
_d4803